Overwatch Hero to Country - Click Quiz - Statistics

General Stats
  • This quiz has been taken 74 times
  • The average score is 19 of 24
Answer Stats
Hint Answer % Correct
Hanzo Japan
93%
Mauga Samoa
91%
Zarya Russia
89%
Junkrat Australia
88%
Reinhardt Germany
88%
Lúcio Brazil
86%
Widowmaker France
86%
Sombra Mexico
86%
D.Va South Korea
86%
Cassidy United States
84%
Symmetra India
82%
Doomfist Nigeria
82%
Tracer United Kingdom
82%
Mei China
81%
Pharah Egypt
79%
Torbjörn Sweden
77%
Sojourn Canada
75%
Sigma Netherlands
75%
Baptiste Haiti
72%
Freja Denmark
70%
Lifeweaver Thailand
68%
Moira Ireland
67%
Illari Peru
67%
Mercy Switzerland
63%
No matching quizzes found
Score Distribution
Percent of People with Each Score
Percentile by Number Answered
Your Score History
You have not taken this quiz